Science Quiz

Random Science or Elements Quiz

Transition Metals Quiz Stats

 Plays Quiz Updated Mar 4, 2020

Support Sporcle.
Go Orange.
Score 0/40 Timer 06:00
1 Play Today
% Correct
lutetium
100%
lawrencium
99.9%
gold
80.9%
silver
80.5%
copper
78.7%
iron
76.5%
zinc
69.1%
cobalt
66.2%
nickel
65.4%
platinum
64.3%
titanium
64.1%
manganese
63.2%
mercury
62%
vanadium
59.5%
tungsten
58.8%
chromium
58%
yttrium
54.6%
scandium
54.3%
palladium
51.2%
zirconium
50.6%
% Correct
osmium
48.8%
molybdenum
48.4%
cadmium
47.6%
rhodium
47.4%
iridium
47.2%
hafnium
44.3%
technetium
43.3%
rutherfordium
42.6%
rhenium
42.4%
niobium
42.3%
ruthenium
42.3%
seaborgium
39.5%
bohrium
37.8%
tantalum
37.6%
hassium
35.8%
dubnium
34.4%
copernicium
33.5%
darmstadtium
32.5%
meitnerium
32.5%
roentgenium
30.4%

From the Vault

Country-Capital Ratios

by Bilbrekk

Think of this as a body mass index for your Atlas.
Remove Ads.
Support Sporcle.
Get the best of Sporcle when you Go Orange. This ad-free experience offers more features, more stats, and more fun while also helping to support Sporcle. Thank you for becoming a member.

Show Comments

Extras

Top Quizzes Today


Score Distribution

Your Account Isn't Verified!

In order to create a playlist on Sporcle, you need to verify the email address you used during registration. Go to your Sporcle Settings to finish the process.

Report this User

Report this user for behavior that violates our Community Guidelines.

Details: